000 00339nam a2200157 i 4500
001 bg
100 1 _aBATES, L. F.
245 0 _aModern magnetism /
_cL.F. Bates.
250 _a4th ed.
260 _aCambridge,
_c1963.
040 _cBPK
041 _apol
080 _a537.6
942 _cKS
008 s pl f |000 0 pol
999 _c13784
_d13784
856 _uhttp://koha.tu.koszalin.pl/cgi-bin/koha/opac-detail.pl?biblionumber=13784
_yKatalog online BPK